Statistiques concernant Les pays les plus démocratiques

Cliquez ici pour prendre le quiz!

Statistiques générales

  • Ce quiz a été pris 567 fois
    (362 depuis la dernière actualisation)
  • Le résultat moyen est 17 sur 24

Statistiques - réponses

ScorePays% Correct
8,07France
98%
9,39Suède
97%
9,29Finlande
96%
9,81Norvège
96%
8,88Canada
90%
9,28Danemark
89%
8,8Allemagne
88%
8,07Espagne
87%
9,14Suisse
87%
9Pays-Bas
84%
9,52Islande
83%
8,28Royaume-Uni
80%
8,71Australie
79%
8,33Japon
79%
9,13Irlande
73%
8,81Luxembourg
71%
8,2Autriche
70%
9,61Nouvelle-Zélande
69%
8,03Corée du Sud
65%
8,99Taïwan
37%
8,22Chili
29%
8,91Uruguay
21%
8,29Costa Rica
11%
8,14Maurice
6%

Distribution des résultats

Percentile par nombre de réponses

% des personnes avec chaque résultat

Votre développement - résultats

Vous n’avez pas pris ce quiz depuis la dernière actualisation